00573nam a22001697a 450000500170000001000130001702000260003003500120005603700130006808200080008110000290008924500850011824600620020326000530026527000590031830000260037720230821145456.0 aUR-12141 a9789394616558c350.00 aU-10696 bDBAD/PUB a921 aشمس کمال انجم aشمس العاماء :bڈپٹی نذ یر احمد /cشمس کمال انجم aShamsul Ulama Deputy Nazeer Ahmed /bby Shams Kamal Anjum aNew DelhibEducational Publishing Housec2022 ء aH.O. D1/16, Ansari Road, Darya GanjbNew Delhie110002 a184 صc23cm(Hb)